ბათუმის შოთა რუსთაველის სახელმწიფო უნივერსიტეტის ბიბლიოთეკა

აზიისა და აფრიკის ქვეყნების ახალი ისტორია: (ბიბ.ჩანაწერი № 56241)

000 -ლიდერი
ფიქსირებული სიგრძის საკონტროლო ველი 01303nam a2200241Ia 4500
001 - საკონტროლო ნომერი
საკონტროლო ველი 23343
003 - საკონტროლო ნომრის იდენტიფიკატორი
საკონტროლო ველი GE_BSU
005 - ბოლო ოპერაციის თარიღი და დრო
საკონტროლო ველი 20210224151323.0
008 - ფიქსირებული სიგრძის მონაცემთა ელემენტები - ზოგადი ინფორმაცია
ფიქსირებული სიგრძის საკონტროლო ველი 181216s1971||||ge |||||||||||||| ||geo||
040 ## - კატალოგიზაციის წყარო
Transcribing agency GE_BSU
041 ## - ენის კოდი
Language code of text/sound track or separate title geo
080 ## - უნივერსალური ათობითი კლასიფიკაციის ინდექსი
Universal Decimal Classification number 94(5)(075.8) + 94(6)(075.8) დ-74
100 ## - მთავარი ჩანაწერი - პიროვნების სახელი
Personal name დონაძე, ვარლამ
9 (RLIN) 10224
245 ## - ცნობა სათაურის შესახებ
Title აზიისა და აფრიკის ქვეყნების ახალი ისტორია:
Remainder of title სახელმძღვ. ისტორიის სპეციალობათა სტუდენტებისათვის. ნაწილი1 /
Statement of responsibility, etc რედ.: ა.დოგრაშვილი, ლ.თოდუა.
250 ## - გამოცემის ცნობა
Edition statement მე-2 შევსებული და გადამუშავებული გამოცემა.
264 ## - წარმოების, გამოცემის, დისტრიბუციის და სხვა ცნობები
გამოცემის, წარმოების, დისტრიბუციის... ადგილი თბილისი :
გამოცემის, წარმოების, დისტრიბუციის... სახელწოდება განათლება,
გამოცემის, წარმოების, დისტრიბუციის... თარიღი 1971.
300 ## - ფიზიკური აღწერა
Extent 402 გვ.;
Other physical details 22 სმ.
653 ## - INDEX TERM--UNCONTROLLED
Uncontrolled term აზიის ქვეყნების ისტორია
653 ## - INDEX TERM--UNCONTROLLED
Uncontrolled term აფრიკის ქვეყნების ისტორია
700 ## - ADDED ENTRY--PERSONAL NAME
Personal name დოგრაშვილი, ა.
Relator term რედაქტორი
9 (RLIN) 10225
700 ## - ADDED ENTRY--PERSONAL NAME
Personal name თოდუა, ლ.
Relator term რედაქტორი
9 (RLIN) 8369
942 ## - ADDED ENTRY ELEMENTS (KOHA)
Koha item type წიგნი
Source of classification or shelving scheme
ეგზემპლარები
ჩამოწერის სტატუსი დაკარგული ეგზემპლარის სტატუსი კლასიფიკაციის წყარო ან თაროზე გაწყობის სქემა დაზიანების სტატუსი არ გაიცემა მუდმივი მდებარეობა (დაცვის ადგილი) ამჟამინდელი ადგილსამყოფელი თაროზე განთავსების ადგილი შეძენის თარიღი ღირებულება, შესყიდვის ნორმალური ფასი სრული შენახვის შიფრი შტრიხკოდი ბოლო ოპერაციის თარიღი ეგზემპლარის მიმდევრობითი ნომერი (კეტერი?) ფასის ძალაში შესვლის თარიღი ეგზემპლარის სახეობა საჯარო შენიშვნა
          ბათუმის შოთა რუსთაველის სახელმწიფო უნივერსიტეტის მთავარი ბიბლიოთეკა ბათუმის შოთა რუსთაველის სახელმწიფო უნივერსიტეტის მთავარი ბიბლიოთეკა წიგნსაცავი 2018-12-17 10.00 94(5)(075.8) + 94(6)(075.8) დ-74 28345 2018-12-17 28345 2018-12-17 წიგნი 10 ლ.